<?xml version="1.0" encoding="UTF-8"?><?xml-stylesheet type="text/xsl" href="static/style.xsl"?><OAI-PMH xmlns="http://www.openarchives.org/OAI/2.0/" xmlns:xsi="http://www.w3.org/2001/XMLSchema-instance" xsi:schemaLocation="http://www.openarchives.org/OAI/2.0/ http://www.openarchives.org/OAI/2.0/OAI-PMH.xsd"><responseDate>2026-04-29T19:13:28Z</responseDate><request verb="GetRecord" identifier="oai:riubu.ubu.es:10259/5487" metadataPrefix="marc">https://riubu.ubu.es/oai/request</request><GetRecord><record><header><identifier>oai:riubu.ubu.es:10259/5487</identifier><datestamp>2024-11-05T11:09:06Z</datestamp><setSpec>com_10259_4393</setSpec><setSpec>com_10259_5086</setSpec><setSpec>com_10259_2604</setSpec><setSpec>col_10259_4394</setSpec></header><metadata><record xmlns="http://www.loc.gov/MARC21/slim" xmlns:doc="http://www.lyncode.com/xoai" xmlns:xsi="http://www.w3.org/2001/XMLSchema-instance" xmlns:dcterms="http://purl.org/dc/terms/" xsi:schemaLocation="http://www.loc.gov/MARC21/slim http://www.loc.gov/standards/marcxml/schema/MARC21slim.xsd">
<leader>00925njm 22002777a 4500</leader>
<datafield tag="042" ind1=" " ind2=" ">
<subfield code="a">dc</subfield>
</datafield>
<datafield tag="720" ind1=" " ind2=" ">
<subfield code="a">González López, Juan Antonio</subfield>
<subfield code="e">author</subfield>
</datafield>
<datafield tag="720" ind1=" " ind2=" ">
<subfield code="a">Alonso Tristán, Cristina</subfield>
<subfield code="e">author</subfield>
</datafield>
<datafield tag="720" ind1=" " ind2=" ">
<subfield code="a">Hevia de los Mozos, Fernando</subfield>
<subfield code="e">author</subfield>
</datafield>
<datafield tag="720" ind1=" " ind2=" ">
<subfield code="a">García de la Fuente, Isaías</subfield>
<subfield code="e">author</subfield>
</datafield>
<datafield tag="720" ind1=" " ind2=" ">
<subfield code="a">Sanz, Luis Felipe</subfield>
<subfield code="e">author</subfield>
</datafield>
<datafield tag="260" ind1=" " ind2=" ">
<subfield code="c">2018-01</subfield>
</datafield>
<datafield tag="520" ind1=" " ind2=" ">
<subfield code="a">The coexistence curves of liquid-liquid equilibrium (LLE) for the mixtures: phenylacetonitrile + heptane, + octane, + nonane, + cyclooctane, or + 2,2,4-trimethylpentane and for 3-phenylpropionitrile + heptane, or + octane are reported. Aromatic nitrile + alkane, + aromatic hydrocarbon or + 1 alkanol systems are investigated using a set of thermophysical properties: phase equilibria (solid-liquid, SLE, vapour-liquid, VLE and LLE), excess molar functions, enthalpies (), isochoric internal energies (), isobaric heat capacities () and volumes (), and the Kirkwood’s correlation factor. Due to proximity effects between the phenyl and the CN groups, dipolar interactions between molecules of aromatic nitriles are stronger than those between molecules of isomeric linear nitriles. Dipolar interactions become weaker in the order: 3-phenylpropionitrile > phenylacetonitrile > benzonitrile. Benzonitrile + aromatic hydrocarbon mixtures are characterized by dispersive interactions and structural effects. The latter are more important in systems with phenylacetonitrile. Structural effects are also present in benzonitrile + n-alkane, or + 1-alkanol + mixtures. The systems mentioned above have been studied using DISQUAC. Interaction parameters for contacts where the CN group in aromatic nitriles participates are given. DISQUAC describes correctly any type of phase equilibria,  of benzonitrile + hydrocarbon mixtures and  of benzonitrile + cyclohexane, or 1-alkanol systems. Large differences encountered between theoretical  values and experimental data for some solutions are discussed. 1-Alkanol + benzonitrile mixtures are also investigated by means of the ERAS model. ERAS represents well  of these systems. The  curves of solutions with longer 1-alkanols are more poorly described, which has been explained in terms of the existence of structural effects.</subfield>
</datafield>
<datafield tag="024" ind2=" " ind1="8">
<subfield code="a">0021-9614</subfield>
</datafield>
<datafield tag="024" ind2=" " ind1="8">
<subfield code="a">http://hdl.handle.net/10259/5487</subfield>
</datafield>
<datafield tag="024" ind2=" " ind1="8">
<subfield code="a">10.1016/j.jct.2017.09.027</subfield>
</datafield>
<datafield ind1=" " ind2=" " tag="653">
<subfield code="a">LLE</subfield>
</datafield>
<datafield ind1=" " ind2=" " tag="653">
<subfield code="a">Aromatic nitrile</subfield>
</datafield>
<datafield ind1=" " ind2=" " tag="653">
<subfield code="a">Proximity effects</subfield>
</datafield>
<datafield ind1=" " ind2=" " tag="653">
<subfield code="a">Dipolar interactions</subfield>
</datafield>
<datafield ind1=" " ind2=" " tag="653">
<subfield code="a">DISQUAC</subfield>
</datafield>
<datafield tag="245" ind1="0" ind2="0">
<subfield code="a">Thermodynamics of mixtures containing aromatic nitriles</subfield>
</datafield>
</record></metadata></record></GetRecord></OAI-PMH>